000 01008nam a2200301 i 4500
001 17988
003 ES-MaACL
005 20250924165401.0
007 t|
008 010803s2000 sp ||||0| spa j
020 _a84-8191-331-6
040 _aM-BN
_bspa
_cM-BN
080 _a929 James, William
080 _a929 James, Henry
100 1 _aJames, Henry,
_d1843-1916
_9242228
245 1 3 _aUn chiquillo y otros /
_cHenry James ; traducción, prólogo y notas de José Manuel Benítez Ariza.
250 _a1ª ed.
260 _aValencia :
_bPre-Textos,
_c2000.
300 _a372 p :
_b2 retr ;
_c21 cm.
490 1 _aPre-textos. Narrativa clásicos ;
_v463 ;
_v10
600 1 4 _aJames, William,
_d1842-1910
_965978
600 1 4 _aJames, Henry,
_d1843-1916
_9242228
700 1 _aBenítez Ariza, José Manuel.
_927616
830 0 _aPre-textos. Narrativa clásicos ;
_v463 ;
_v10
_9184237
852 _aES-MaACL
_jL-24772
_bR.129999
999 _c17988
_d17988